Přehled psychologie

Podrobná bibliografia
Hlavní autori: Kern, Hans (Autor), Mehl, Christine (Autor), Nolz, Hellfried (Autor), Peter, Martin (Autor), Wintersperger, Regina (Autor)
Ďalší autori: Machátová, Magdalena (Prekladateľ)
Médium: Kniha
Jazyk:čeština
nemčina
Fyzický popis:287, [1] s. 21 cm
Vydavateľské údaje: Praha Portál 2000
ISBN:8071784265,
Vydanie:2. opr. vyd.
Predmet:

MARC

LEADER 00000cam a2200000 a 4500
001 vtls001403332
003 SK-MaSNL
005 20260301071757.0
008 251031s2000 xr a 00000 cze
020 |a 8071784265,  |q (viaz.) 
035 |a SNK000357882 
040 |a SNK  |b slo  |c SNK  |e AACR2 
041 1 |a cze  |h ger 
044 |a xr  |c CZ 
080 |a 159.9  |2 1981 
080 |a 301.151  |2 1981 
100 1 |a Kern, Hans  |4 aut  |9 390110 
240 1 0 |a Projekt Psychologie  |l Česky 
245 1 0 |a Přehled psychologie  |c Hans Kern ... [et al.] ; [z německého originálu přeložila Magdalena Machátová] 
250 |a 2. opr. vyd. 
260 |a Praha  |b Portál  |c 2000 
300 |a 287, [1] s.  |c 21 cm 
650 0 7 |a psychológia sociálna  |x vzťahy a procesy  |x príručky  |2 SNK  |9 390111 
650 0 7 |a psychológia  |x príručky  |2 SNK  |9 390112 
700 1 |a Mehl, Christine  |4 aut  |9 390113 
700 1 |a Nolz, Hellfried  |4 aut  |9 390114 
700 1 |a Peter, Martin  |4 aut  |9 390115 
700 1 |a Wintersperger, Regina  |4 aut  |9 390116 
700 1 |a Machátová, Magdalena  |4 trl  |9 390117 
852 |a Slovenská národná knižnica v Martine  |b 10000  |h IC 129164 
919 |a 80-7178-426-5 
999 |c 638968  |d 640898 
952 |a SNK  |b SNK  |y VYP  |7 0  |p 17A0201736  |o snkIC 129164 D1  |i snk2010/22884  |8 5  |0 0  |1 1  |4 0  |d 2010-10-19  |l 0  |r 2026-02-23 17:47:11  |w 2026-02-23 
952 |a SNK  |b SNK  |y VYP  |7 0  |p 17A0260450  |o snkIC 129164  |i snkV 80/2001  |8 2  |0 0  |1 0  |4 0  |d 2001-02-01  |l 0  |r 2005-01-02 00:00:00  |w 2026-02-23